| 000 | 01697nam a22002177a 4500 | ||
|---|---|---|---|
| 008 | 231201t2023 xxk|||||o||||s00| 0 eng d | ||
| 041 | _aeng | ||
| 110 | 2 | _aNational Trading Standards Estate Agency Team | |
| 245 |
_aMaterial Information in Property Listings (Sales) _bguidance for estate agents _c[withdrawn] |
||
| 260 |
_bNational Trading Standards _c30 November 2023 |
||
| 520 | _aRepresenting the culmination of a programme of work led by the National Trading Standards Estate and Letting Agency Team (NTSELAT) alongside industry leaders and the UK’s major property portals including Rightmove, Zoopla, OnTheMarket and Property Pal**, the guidance has been developed in response to agents’ calls for clarity on what constitutes material information. Part B is information that should be covered for all properties – such as the type of property, the building materials used, the number of rooms and information about utilities and parking. Part C is information that only needs to be established if the property is affected by the issue – such as flood risk or restrictive covenants. Part A was announced last year and includes council tax band or rate, property price or rent and tenure information (for sales). | ||
| 520 | _aWithdrawn May 2025 | ||
| 650 | _aMATERIAL INFORMATION | ||
| 650 | _aESTATE AGENCY | ||
| 650 | _aTRADING STANDARDS | ||
| 650 | _aPROPERTY PARTICULARS | ||
| 651 | _aEngland | ||
| 690 |
_96266 _aResidential property |
||
| 856 |
_uhttps://web.archive.org/web/20240612003626/https://www.nationaltradingstandards.uk/uploads/Material%20Information%20in%20Property%20Listings%20(Sales)%20v1.0.pdf _zAvailable on the internet archive |
||
| 942 | _n0 | ||
| 999 |
_c121724 _d121724 |
||